| 000 | 01474nam a2200301 i 4500 | ||
|---|---|---|---|
| 001 | 82027 | ||
| 003 | ES-MaACL | ||
| 005 | 20231206063225.0 | ||
| 007 | t| | ||
| 008 | 041116s1892 sp |||| |dspa d | ||
| 080 | _a929 Colón, Cristóbal | ||
| 080 | _a929 Bobadilla, Francisco de | ||
| 100 | 1 |
_aVidart, Luis, _d1833-1897 _9114538 |
|
| 245 | 1 | 0 |
_aColón y Bobadilla : _bconferencia / _cde D. Luis Vidart leída el 14 de diciembre de 1891. |
| 260 |
_aMadrid : _b[s.n.], _c1892 ( _fEstab. Tip. "Sucesores de Rivadeneyra") |
||
| 300 |
_a43 p. ; _c25 cm. |
||
| 500 | _aForma parte de: "El continente americano : conferencias dadas en el Ateneo Científico, Literario y Artístico de Madrid con motivo del Cuarto Centenario del Descubrimiento de América". Madrid, 1894, tít. que agrupa todas las conferencias del ciclo en 3 v.; cada una de ellas con port. y año propios. Esta publicación pertenece al v. 1. | ||
| 594 | _aPrecede al tít.: Ateneo de Madrid. | ||
| 600 | 1 | 4 |
_aColón, Cristóbal. _939869 |
| 600 | 1 | 4 |
_aBobadilla, Francisco de. _9154690 |
| 610 | 2 | 4 |
_aAteneo de Madrid- _vConferencias- _yS.XIX. _91910 |
| 610 | 2 | 4 |
_aAteneo de Madrid- _vObras digitalizadas. _91930 |
| 740 | 3 | 2 | _aEl continente americano. |
| 852 | 4 |
_aES-MaACL _jR-2603(11) |
|
| 856 | 4 |
_uhttp://www.ateneodemadrid.com/biblioteca_digital/folletos/Folletos-0031.pdf _zVer documento |
|
| 856 | 4 |
_uhttps://archive.org/details/b24882628 _zInternet Archive |
|
| 999 |
_c82027 _d82027 |
||